|
|
|
|
| LEADER |
00000nam0a2200000 4500 |
| 001 |
118884 |
| 005 |
20231031124340.0 |
| 010 |
|
|
|a 5239000239
|
| 035 |
|
|
|a (RuTPU)RU\TPU\book\128646
|
| 090 |
|
|
|a 118884
|
| 100 |
|
|
|a 20070619d1988 m y0rusy50 ca
|
| 101 |
0 |
|
|a rus
|
| 102 |
|
|
|a RU
|
| 105 |
|
|
|a a z 000gy
|
| 200 |
1 |
|
|a Причудница
|a Русские стихотворные сказки конца XVIII - начала XX века
|e Сборник
|f сост., вступ. ст., примеч. Вл. Б. Муравьев
|
| 210 |
|
|
|a Москва
|c Московский рабочий
|d 1988
|
| 215 |
|
|
|a 447 с.
|c ил.
|
| 610 |
1 |
|
|a русская литература
|
| 610 |
1 |
|
|a стихотворения
|
| 610 |
1 |
|
|a сказки
|
| 610 |
1 |
|
|a 18 век
|
| 610 |
1 |
|
|a 19 век
|
| 610 |
1 |
|
|a 20 век
|
| 610 |
1 |
|
|a фольклор
|
| 675 |
|
|
|a Р1
|v 3
|
| 702 |
|
1 |
|a Муравьев
|b Вл. Б.
|4 220
|
| 801 |
|
1 |
|a RU
|b 63413507
|c 20070619
|g PSBO
|
| 801 |
|
2 |
|a RU
|b 63413507
|c 20070906
|g PSBO
|
| 942 |
|
|
|c BK
|